000 00305nam a2200121Ia 4500
008 220204s9999 xx 000 0 und d
082 _a517.2
_bDES
100 _aDesapio, Rodolfo
245 0 _aCalculus for the life sentences
260 _aSan Francisco
_bFreeman
_c1976
650 _aCalculus
942 _cBK
999 _c28380
_d28380